000 00516nam a2200193Ia 4500
005 20250508154139.0
008 008 250505s9999 xx 000 0 hin d
037 _aTextual
040 _aFEDL
_beng
_cFEDL
041 _ahin
_2eng
084 _a334.973, VOO
_qFEDL
100 _aVoorhis Jerry
_9765144
245 0 _aAmrika mein sahkarita
260 _aPrayag, India
_bGaram Brothers
_c1964
300 _a290p
650 _aEconomics
942 _cTEXL
_h334.973, VOO
999 _c1348002
_d1348002